[Event "Tournoi francophone 018B"]
[Site "Skype"]
[Date "????.??.??"]
[Round "1.1"]
[White "Gadow, Martin"]
[Black "Sauvaget, Joel"]
[Result "1-0"]
[WhiteElo "1369"]
[BlackElo "1290"]
[PlyCount "67"]

1. d4 d5 2. Bf4 e6 3. e3 Nf6 4. Nf3 Be7 5. Bd3 Nc6 6. Nbd2 Bd7 7. c3 a6 8. Ne5
O-O 9. Qf3 Be8 10. Qh3 Nxe5 11. dxe5 g6 12. exf6 Bxf6 13. Bh6 Bg7 14. Bxg7 Kxg7
15. f3 Bd7 16. Qg3 c6 17. O-O Qe7 18. e4 dxe4 19. Nxe4 Rad8 20. Bc2 Bc8 21.
Rae1 Rd5 22. c4 Rd7 23. Qe5+ f6 24. Qc3 e5 25. Ng3 Qc5+ 26. Kh1 Rfd8 27. b4 Qb6
28. c5 Qc7 29. Ne4 Rd4 30. Nd6 b5 31. f4 Rxf4 32. Rxf4 exf4 33. Qd4 Rd7 34.
Ne8+ 1-0

[Event "Tournoi francophone 018B"]
[Site "Skype"]
[Date "????.??.??"]
[Round "1.3"]
[White "Ortiz, Vladimir"]
[Black "Pouteau, Pascal"]
[Result "1/2-1/2"]
[WhiteElo "1443"]
[BlackElo "1349"]
[PlyCount "100"]

1. d4 d5 2. Bf4 Bf5 3. Nf3 Nf6 4. c3 Nbd7 5. h3 c5 6. Nbd2 Qb6 7. Qb3 Qxb3 8.
Nxb3 c4 9. Nbd2 e6 10. e3 Be7 11. Nh4 Ne4 12. Nxf5 exf5 13. Be2 g5 14. Bh2 Bd6
15. Bxd6 Nxd6 16. b3 Nb6 17. Rb1 Nb5 18. Rc1 Nd6 19. O-O Rc8 20. Rc2 h5 21.
Rfc1 Ke7 22. Kf1 g4 23. h4 Rhg8 24. g3 Ne4 25. Ke1 Rg6 26. bxc4 Nxd2 27. Rxd2
Nxc4 28. Bxc4 Rxc4 29. Rb2 b6 30. Kd2 Rgc6 31. Rb3 Kd7 32. a3 a5 33. Rc2 Kc7
34. Rb5 Kd6 35. Rcb2 Rxc3 36. Rxb6 Rxa3 37. Rxc6+ Kxc6 38. Ke2 Kc7 39. f3 Ra1
40. fxg4 fxg4 41. Rb5 Kd6 42. Rb7 Ke6 43. Rb6+ Kf5 44. Rb7 Ke6 45. Rb6+ Kf5 46.
Rb7 f6 47. Rd7 Ra2+ 48. Kd3 Ra3+ 49. Ke2 Ra2+ 50. Kd3 Ra3+ 1/2-1/2

[Event "Tournoi francophone 018B"]
[Site "Skype"]
[Date "????.??.??"]
[Round "1.4"]
[White "Khabou, Taha"]
[Black "Rodier, Marc"]
[Result "1-0"]
[WhiteElo "1358"]
[BlackElo "1547"]
[PlyCount "64"]

1. d4 Nf6 2. Bf4 d5 3. e3 c5 4. Nf3 Nc6 5. c3 Qb6 6. Qc1 Bf5 7. Nbd2 e6 8. Be2
cxd4 9. exd4 Be7 10. O-O O-O 11. Re1 Rac8 12. Nh4 Bg6 13. Nxg6 hxg6 14. Nf3 Qd8
15. Qe3 Ne4 16. Bd3 Nd6 17. b4 a6 18. a4 a5 19. b5 Na7 20. Bxg6 Ne4 21. Bxe4
dxe4 22. Nd2 b6 23. Nxe4 Rc4 24. Nd2 Rc8 25. Rec1 Bd6 26. Rc2 Bxf4 27. Qxf4 Rc7
28. Qe4 Qd7 29. c4 Rd8 30. Nf3 Nc8 31. c5 bxc5 32. dxc5 Qxb5 1-0

[Event "Tournoi francophone 018B"]
[Site "Skype"]
[Date "????.??.??"]
[Round "1.5"]
[White "Marino, Giuseppe"]
[Black "Sahrane, Juba"]
[Result "1-0"]
[WhiteElo "1339"]
[BlackElo "1514"]
[PlyCount "62"]

1. e4 c5 2. d3 d6 3. Nf3 Nf6 4. Be2 e6 5. O-O Be7 6. c3 Nc6 7. h3 Qb6 8. Qc2
O-O 9. Be3 d5 10. exd5 Nxd5 11. Bg5 Bxg5 12. Nxg5 h6 13. Nf3 Rd8 14. Nbd2 Nf4
15. Nc4 Qc7 16. Rad1 b5 17. Ne3 Ba6 18. Rfe1 b4 19. Bf1 Rd7 20. d4 Bxf1 21.
Rxf1 bxc3 22. bxc3 cxd4 23. cxd4 Rad8 24. Rc1 Rc8 25. Rfd1 Nb4 26. Qb2 Nc6 27.
Ne5 Rb8 28. Qc2 Rd6 29. Nxc6 Rc8 30. Ne7+ Qxe7 31. Qxc8+ Rd8 1-0

[Event "Tournoi francophone 018B"]
[Site "Skype"]
[Date "????.??.??"]
[Round "2.1"]
[White "Sauvaget, Joel"]
[Black "Sahrane, Juba"]
[Result "0-1"]
[WhiteElo "1290"]
[BlackElo "1514"]
[PlyCount "104"]

1. e4 e6 2. Bb5 a6 3. Ba4 b5 4. Bb3 c5 5. c3 Bb7 6. d3 Qc7 7. Nf3 c4 8. dxc4
bxc4 9. Bc2 Nf6 10. Bg5 Nxe4 11. Bxe4 Bxe4 12. O-O Bc5 13. Nbd2 Bd5 14. Bh4 Nc6
15. Bg3 Qb6 16. Rb1 O-O 17. Qe2 Ra7 18. Nxc4 Qb5 19. b3 Bxc4 20. bxc4 Qa4 21.
Rb3 Na5 22. Rbb1 Qxc4 23. Qxc4 Nxc4 24. Rfd1 Rc8 25. Rd3 d5 26. Rdd1 Bd6 27.
Rb3 Bxg3 28. hxg3 Rac7 29. Ne1 h6 30. g4 a5 31. g3 a4 32. Rb4 Rc6 33. Nd3 a3
34. Kf1 Nb2 35. Nxb2 axb2 36. Rxb2 Rxc3 37. Rbb1 Rc2 38. Ra1 Ra8 39. a4 Rc4 40.
a5 Rc5 41. a6 Rc6 42. Ke2 Raxa6 43. Rxa6 Rxa6 44. Rd2 Kf8 45. f4 Ra3 46. Rd3
Rxd3 47. Kxd3 Ke7 48. Kd4 Kd6 49. Ke3 Kc5 50. f5 exf5 51. gxf5 Kc4 52. Kd2 d4
0-1

[Event "Tournoi francophone 018B"]
[Site "Skype"]
[Date "????.??.??"]
[Round "2.2"]
[White "Rodier, Marc"]
[Black "Marino, Giuseppe"]
[Result "0-1"]
[WhiteElo "1547"]
[BlackElo "1339"]
[PlyCount "80"]

1. e4 e5 2. Nf3 d6 3. d4 exd4 4. Nxd4 Nf6 5. Nc3 c6 6. Bd3 Be7 7. O-O O-O 8.
Qf3 Nbd7 9. Qe2 Ne5 10. f4 Nxd3 11. cxd3 Re8 12. Kh1 Bf8 13. Nf3 Bg4 14. h3
Bxf3 15. Rxf3 Qc7 16. Bd2 a6 17. a4 b5 18. a5 Rab8 19. b4 Nd5 20. Na2 c5 21.
Qf2 Nf6 22. Be3 Rbc8 23. Rc1 Qd7 24. Qd2 Qb7 25. Rff1 Nh5 26. Kh2 cxb4 27. Nxb4
Rxc1 28. Rxc1 Rc8 29. Rxc8 Qxc8 30. Qb2 Nf6 31. g4 d5 32. e5 Bxb4 33. Qxb4 Nd7
34. Qd6 h6 35. Kg3 Nf8 36. Bc5 Ne6 37. d4 Nxc5 38. Qxc5 Qxc5 39. dxc5 Kf8 40.
Kf3 b4 0-1

[Event "Tournoi francophone 018B"]
[Site "Skype"]
[Date "????.??.??"]
[Round "2.3"]
[White "Pouteau, Pascal"]
[Black "Khabou, Taha"]
[Result "1/2-1/2"]
[WhiteElo "1349"]
[BlackElo "1358"]
[PlyCount "67"]

1. d4 e6 2. Nc3 d5 3. Nf3 c5 4. e4 dxe4 5. Nxe4 cxd4 6. Bb5+ Bd7 7. Qxd4 Bxb5
8. Qxd8+ Kxd8 9. Bg5+ Be7 10. Nd6 Be8 11. Rd1 Kc7 12. Nxe8+ Kc8 13. Bxe7 Nxe7
14. Nd6+ Kc7 15. Nxf7 Rf8 16. N3e5 Nbc6 17. Rd7+ Kb6 18. Nc4+ Ka6 19. Nfd6 b5
20. Nd2 Rad8 21. Rxd8 Rxd8 22. N6e4 Kb6 23. O-O Nb4 24. c3 Nd3 25. f3 Nxb2 26.
Rb1 Na4 27. Nc4+ Kc6 28. Ne5+ Kb6 29. c4 a6 30. Nf7 Rd4 31. cxb5 axb5 32. Nfg5
e5 33. Nxh7 Nd5 34. Rc1 1/2-1/2

[Event "Tournoi francophone 018B"]
[Site "Skype"]
[Date "????.??.??"]
[Round "2.5"]
[White "Gadow, Martin"]
[Black "Trivedi, Viral"]
[Result "1/2-1/2"]
[WhiteElo "1369"]
[BlackElo "1210"]
[PlyCount "73"]

1. Nf3 d5 2. d4 Nf6 3. Bf4 g6 4. Nbd2 Bg7 5. c3 O-O 6. e3 b6 7. Ne5 c5 8. Be2
a5 9. O-O Nfd7 10. Bf3 Nxe5 11. dxe5 Nc6 12. Qb3 e6 13. e4 c4 14. Qc2 Nxe5 15.
Bxe5 Bxe5 16. Rad1 Qh4 17. g3 Qf6 18. exd5 Bb7 19. Nxc4 exd5 20. Nxe5 Qxe5 21.
Rfe1 Qc7 22. Bxd5 Rad8 23. Bxb7 Qxb7 24. Rxd8 Rxd8 25. Qe2 Qd5 26. Qe7 Qd2 27.
Re3 Qd1+ 28. Kg2 Qd5+ 29. Rf3 Rf8 30. Qf6 Qxa2 31. Qxb6 Qd5 32. c4 Qxc4 33.
Qxa5 Qe4 34. Qc7 g5 35. Qc5 g4 36. Qg5+ Kh8 37. Qf6+ 1/2-1/2

[Event "Tournoi francophone 018B"]
[Site "Skype"]
[Date "????.??.??"]
[Round "3.1"]
[White "Trivedi, Viral"]
[Black "Sauvaget, Joel"]
[Result "1/2-1/2"]
[WhiteElo "1210"]
[BlackElo "1290"]
[PlyCount "65"]

1. d4 d5 2. Bf4 c6 3. e3 Nf6 4. Nd2 e6 5. Ngf3 Be7 6. Bd3 Nbd7 7. c3 h6 8. h4
O-O 9. Ne5 Nb6 10. Ng4 Nbd7 11. h5 Kh8 12. Ne5 Qe8 13. g4 Nh7 14. Qc2 Ng5 15.
Bxg5 Bxg5 16. f4 Bf6 17. Ndf3 Nxe5 18. dxe5 Be7 19. g5 hxg5 20. Nxg5 Bxg5 21.
fxg5 Qe7 22. g6 Qg5 23. O-O-O Qxe3+ 24. Kb1 Qh6 25. Rdf1 f5 26. exf6 Rxf6 27.
Rxf6 gxf6 28. Qh2 e5 29. Qh4 e4 30. Qxf6+ Kg8 31. Qf7+ Kh8 32. Qf6+ Qg7 33. h6
1/2-1/2

[Event "Tournoi francophone 018B"]
[Site "Skype"]
[Date "????.??.??"]
[Round "3.3"]
[White "Khabou, Taha"]
[Black "Gharbi, Said"]
[Result "1-0"]
[WhiteElo "1358"]
[BlackElo "1252"]
[PlyCount "32"]

1. d4 e5 2. dxe5 Nc6 3. Nf3 Qe7 4. Bg5 Qb4+ 5. Nc3 Qxb2 6. Bd2 Nb4 7. Nd4 Qa3
8. Ncb5 Qa5 9. a3 Qb6 10. axb4 c6 11. Na3 Qxd4 12. e3 Qxe5 13. Bd3 d5 14. c3
Bg4 15. Qxg4 Nf6 16. Qf4 Qc7 1-0

[Event "Tournoi francophone 018B"]
[Site "Skype"]
[Date "????.??.??"]
[Round "3.4"]
[White "Marino, Giuseppe"]
[Black "Pouteau, Pascal"]
[Result "0-1"]
[WhiteElo "1339"]
[BlackElo "1349"]
[PlyCount "123"]

1. e4 c6 2. Nf3 d5 3. d3 d4 4. c3 Bg4 5. Be2 c5 6. cxd4 Bxf3 7. Bxf3 cxd4 8.
Nd2 e5 9. Be2 Be7 10. Nf3 Nc6 11. O-O Nf6 12. h3 h6 13. Bd2 Qb6 14. b3 Rc8 15.
Rc1 O-O 16. Rc2 Bb4 17. Qc1 Bxd2 18. Nxd2 Qa6 19. Nf3 Rfe8 20. Qb1 Nb4 21. Rxc8
Rxc8 22. Nxe5 Nxe4 23. dxe4 Qxe2 24. a3 Nc2 25. Nc4 Rc6 26. f3 Ne3 27. Rf2 Qd1+
28. Qxd1 Nxd1 29. Rd2 Ne3 30. Rxd4 Nxc4 31. Rxc4 Rxc4 32. bxc4 Kf8 33. Kf2 Ke7
34. Ke3 Kd6 35. Kd4 f6 36. f4 b6 37. g4 Ke6 38. c5 b5 39. f5+ Kd7 40. Kd5 a5
41. c6+ Kc7 42. Ke6 Kxc6 43. Kf7 b4 44. axb4 axb4 45. Kxg7 b3 46. Kxf6 b2 47.
e5 b1=Q 48. e6 Qb2+ 49. Kf7 Qb3 50. Kf8 Qb8+ 51. Kf7 Qb3 52. Kf8 Kd6 53. e7 Kd5
54. e8=Q Qb4+ 55. Qe7 Qb8+ 56. Kf7 Kd4 57. Qf6+ Kd3 58. Qxh6 Qb7+ 59. Kg6 Qe4
60. Qg5 Kd4 61. Qf6+ Ke3 62. Qe5 0-1

[Event "Tournoi francophone 018B"]
[Site "Skype"]
[Date "????.??.??"]
[Round "3.5"]
[White "Sahrane, Juba"]
[Black "Rodier, Marc"]
[Result "0-1"]
[WhiteElo "1514"]
[BlackElo "1547"]
[PlyCount "60"]

1. e4 c5 2. Nf3 Nc6 3. d4 cxd4 4. Nxd4 Nf6 5. Bc4 Ne5 6. Bb3 g6 7. Nc3 Bg7 8.
O-O O-O 9. Re1 d6 10. h3 a6 11. Nf3 Nxf3+ 12. Qxf3 Nd7 13. Bg5 Nf6 14. Rad1 Qe8
15. e5 dxe5 16. Rxe5 Bf5 17. Qxb7 e6 18. Bxf6 Bxf6 19. Re2 g5 20. Nd5 Qd8 21.
Nxf6+ Qxf6 22. c3 g4 23. Rd6 gxh3 24. Qf3 hxg2 25. Rexe6 fxe6 26. Rd7 Qg6 27.
Re7 Kh8 28. c4 Qf6 29. Rd7 Qxb2 30. Qh5 Bg6 0-1

[Event "Tournoi francophone 018B"]
[Site "Skype"]
[Date "????.??.??"]
[Round "4.1"]
[White "Sauvaget, Joel"]
[Black "Rodier, Marc"]
[Result "0-1"]
[WhiteElo "1290"]
[BlackElo "1547"]
[PlyCount "90"]

1. d4 Nf6 2. c4 g6 3. Nc3 d5 4. e3 Bg7 5. Nf3 O-O 6. Be2 dxc4 7. Bxc4 Nfd7 8.
O-O c5 9. d5 b6 10. Re1 Ba6 11. Bxa6 Nxa6 12. e4 Ne5 13. Nxe5 Bxe5 14. a3 Qd6
15. g3 Rfd8 16. Qe2 Nc7 17. Bg5 a6 18. Qf3 b5 19. Rad1 b4 20. axb4 cxb4 21. Na4
Nb5 22. Bd2 a5 23. b3 Rdc8 24. Be3 Nc3 25. Nxc3 Bxc3 26. Rf1 a4 27. bxa4 Rxa4
28. Rc1 Rca8 29. Rfd1 Ra1 30. Rxa1 Rxa1 31. Rxa1 Bxa1 32. Qd1 Bc3 33. Qb3 Qa6
34. e5 Qa3 35. Qc4 Bxe5 36. Bc1 Qc3 37. Qf1 b3 38. Ba3 Bd6 39. Bxd6 exd6 40.
Qb5 Qc2 41. Qb8+ Kg7 42. Qxd6 Qc3 43. Qa3 Qc2 44. d6 b2 45. d7 b1=Q+ 0-1

[Event "Tournoi francophone 018B"]
[Site "Skype"]
[Date "????.??.??"]
[Round "4.2"]
[White "Pouteau, Pascal"]
[Black "Sahrane, Juba"]
[Result "0-1"]
[WhiteElo "1349"]
[BlackElo "1514"]
[PlyCount "86"]

1. d4 Nf6 2. Nc3 e6 3. Bg5 Be7 4. Nf3 d5 5. e3 c5 6. Bb5+ Bd7 7. dxc5 Bxb5 8.
Nxb5 Qa5+ 9. Nc3 Qxc5 10. Qd3 Qb4 11. O-O Nc6 12. a3 Qb6 13. Qb5 Qxb5 14. Nxb5
O-O 15. Nfd4 Nxd4 16. exd4 a6 17. Nc3 Rac8 18. Rfe1 h6 19. Bxf6 Bxf6 20. Rad1
Rc4 21. Rd3 Rxd4 22. Rxd4 Bxd4 23. Nd1 Rc8 24. c3 Bf6 25. Ne3 d4 26. Ng4 dxc3
27. bxc3 Bxc3 28. Rc1 Rc6 29. Rd1 f5 30. Ne3 Bb2 31. Rb1 Rc1+ 32. Rxc1 Bxc1 33.
a4 Bxe3 34. fxe3 b5 35. axb5 axb5 36. Kf1 Kf8 37. Ke2 Ke7 38. Kd3 Kd6 39. Kc3
Kc5 40. Kb3 b4 41. g3 g5 42. h3 e5 43. Kc2 Kc4 0-1

[Event "Tournoi francophone 018B"]
[Site "Skype"]
[Date "????.??.??"]
[Round "4.3"]
[White "Gharbi, Said"]
[Black "Marino, Giuseppe"]
[Result "1/2-1/2"]
[WhiteElo "1252"]
[BlackElo "1339"]
[PlyCount "50"]

1. e4 e5 2. Nf3 d6 3. h3 Nf6 4. Nc3 Be7 5. Bc4 c6 6. a4 O-O 7. O-O a6 8. d3 Re8
9. Ng5 Rf8 10. Be3 h6 11. Nf3 Re8 12. Qd2 Bf8 13. Nh4 Be6 14. Ba2 Bxa2 15. Rxa2
Kh7 16. a5 Nh5 17. Nf5 Nd7 18. Na4 Nhf6 19. Qb4 Qc7 20. Qb3 d5 21. Nb6 Nxb6 22.
axb6 Qd7 23. f4 dxe4 24. fxe5 Rxe5 25. Rf4 Rxf5 1/2-1/2

2-1/2

[Event "Tournoi francophone 018B"]
[Site "Skype"]
[Date "????.??.??"]
[Round "4.4"]
[White "Gadow, Martin"]
[Black "Khabou, Taha"]
[Result "1-0"]
[WhiteElo "1369"]
[BlackElo "1358"]
[PlyCount "43"]

1. d4 e6 2. Nf3 d5 3. Bf4 c5 4. Nbd2 Nf6 5. c3 Nc6 6. e3 Bd6 7. Bg3 O-O 8. Bd3
a6 9. Ne5 Qc7 10. Ng4 Nxg4 11. Qxg4 Bxg3 12. hxg3 g6 13. Nf3 e5 14. Qh4 f6 15.
Bxg6 Qg7 16. Qxh7+ Qxh7 17. Rxh7 cxd4 18. cxd4 exd4 19. Nxd4 Nxd4 20. exd4 b5
21. Re7 a5 22. Rc1 1-0

[Event "Tournoi francophone 018B"]
[Site "Skype"]
[Date "????.??.??"]
[Round "5.2"]
[White "Khabou, Taha"]
[Black "Trivedi, Viral"]
[Result "1-0"]
[WhiteElo "1358"]
[BlackElo "1210"]
[PlyCount "123"]

1. d4 Nf6 2. Bf4 g6 3. e3 d5 4. Nf3 Bg7 5. Bd3 O-O 6. Nbd2 Bg4 7. h3 Bxf3 8.
Nxf3 Ne4 9. O-O c5 10. c3 Nc6 11. a4 c4 12. Bc2 Qb6 13. Rb1 Rfe8 14. Ng5 Nxg5
15. Bxg5 e5 16. dxe5 Nxe5 17. Qxd5 h6 18. Bf4 Rad8 19. Qb5 Qxb5 20. axb5 Rd2
21. Bxe5 Rxe5 22. Ba4 b6 23. Rfd1 Red5 24. Rxd2 Rxd2 25. Kf1 f5 26. Ke1 Rd7 27.
Rd1 Rc7 28. Rd6 Kf7 29. Rc6 Rxc6 30. bxc6 Be5 31. Bb5 Ke7 32. Bxc4 Kd6 33. Bb5
Kc5 34. f4 Bc7 35. c4 Kb4 36. Kd2 Kb3 37. Kc1 a5 38. Kb1 a4 39. Kc1 a3 40. bxa3
Kxa3 41. Kc2 Kb4 42. Kd3 Kc5 43. g3 g5 44. fxg5 hxg5 45. e4 fxe4+ 46. Kxe4 Bxg3
47. Kf5 Bf4 48. Ke6 Kd4 49. Kd7 Ke3 50. c7 Bxc7 51. Kxc7 Kf3 52. Kxb6 g4 53. h4
Kf4 54. Bc6 g3 55. Bd5 Kg4 56. c5 Kxh4 57. c6 Kh3 58. c7 Kh2 59. c8=Q g2 60.
Qh8+ Kg1 61. Qh3 Kf1 62. Qxg2+ 1-0

[Event "Tournoi francophone 018B"]
[Site "Skype"]
[Date "????.??.??"]
[Round "5.3"]
[White "Marino, Giuseppe"]
[Black "Gadow, Martin"]
[Result "1-0"]
[WhiteElo "1339"]
[BlackElo "1369"]
[PlyCount "61"]

1. d4 Nf6 2. e3 e6 3. Bd3 d5 4. Nf3 c5 5. c3 cxd4 6. exd4 Be7 7. O-O O-O 8. Bg5
b6 9. Re1 Ne4 10. Bxe7 Qxe7 11. Bxe4 dxe4 12. Rxe4 Bb7 13. Re3 Nd7 14. Nbd2 Nf6
15. h3 Rac8 16. Rc1 Nd5 17. Re5 f6 18. Re1 Nf4 19. Ne4 Ba6 20. Re3 Rfd8 21. Rc2
Nd5 22. Re1 e5 23. Ng3 Qf7 24. Nf5 Kh8 25. Rd2 Nf4 26. a3 Qc7 27. dxe5 Rxd2 28.
Qxd2 Nd3 29. exf6 gxf6 30. Re7 Rf8 31. Rxc7 1-0

[Event "Tournoi francophone 018B"]
[Site "Skype"]
[Date "????.??.??"]
[Round "5.4"]
[White "Sahrane, Juba"]
[Black "Gharbi, Said"]
[Result "1-0"]
[WhiteElo "1514"]
[BlackElo "1252"]
[PlyCount "65"]

1. e4 e5 2. Nf3 Nc6 3. d4 exd4 4. Bc4 Be7 5. O-O d6 6. Nxd4 Ne5 7. Bb5+ Bd7 8.
Qe2 Bf6 9. Nf5 Ne7 10. Re1 O-O 11. Bxd7 Qxd7 12. Nxe7+ Qxe7 13. Nc3 Qe6 14. Nd5
Rac8 15. f4 Qg4 16. fxe5 Qxe2 17. Nxf6+ gxf6 18. Rxe2 fxe5 19. Bh6 Rfe8 20. Rf1
Re6 21. Bg5 Rg6 22. Rf5 h6 23. Be3 a6 24. Ref2 Rf8 25. Rf6 h5 26. Rxg6+ fxg6
27. Rxf8+ Kxf8 28. Bg5 c6 29. Bd8 Ke8 30. Bc7 Kd7 31. Bb8 b5 32. Kf2 Kc8 33.
Bxd6 1-0

[Event "Tournoi francophone 018B"]
[Site "Skype"]
[Date "????.??.??"]
[Round "5.5"]
[White "Rodier, Marc"]
[Black "Pouteau, Pascal"]
[Result "1/2-1/2"]
[WhiteElo "1547"]
[BlackElo "1349"]
[PlyCount "48"]

1. e4 c6 2. d4 d5 3. Nc3 dxe4 4. Nxe4 e5 5. Be3 Bf5 6. Ng3 Bg6 7. Nf3 exd4 8.
Bxd4 Nf6 9. Bd3 Bxd3 10. Qxd3 Bb4+ 11. c3 Qe7+ 12. Qe3 Qxe3+ 13. Bxe3 Bd6 14.
O-O-O Nd5 15. Bd4 Bxg3 16. hxg3 f6 17. Rhe1+ Kf7 18. c4 Ne7 19. Bc5 Re8 20.
Bxe7 Rxe7 21. Rxe7+ Kxe7 22. Re1+ Kf7 23. Rd1 Ke7 24. Re1+ Kf7 1/2-1/2

[Event "Tournoi francophone 018B"]
[Site "Skype"]
[Date "????.??.??"]
[Round "6.1"]
[White "Sauvaget, Joel"]
[Black "Pouteau, Pascal"]
[Result "0-1"]
[WhiteElo "1290"]
[BlackElo "1349"]
[PlyCount "90"]

1. e4 c6 2. Nf3 d5 3. exd5 Qxd5 4. Nc3 Qd8 5. d4 Nf6 6. Be2 Bg4 7. h3 Bh5 8. a3
e6 9. Bg5 Be7 10. Bf4 Nbd7 11. O-O O-O 12. Re1 Nd5 13. Nxd5 cxd5 14. c3 Rc8 15.
Rc1 Qb6 16. Qd2 Nf6 17. Bf1 Ne4 18. Qe2 Ng5 19. Bxg5 Bxg5 20. Ra1 Bf6 21. g4
Bg6 22. Red1 Be4 23. Bg2 Qd6 24. Ne1 Bxg2 25. Nxg2 Rfe8 26. Ne1 e5 27. dxe5
Bxe5 28. Qf3 Rcd8 29. Nd3 Qf6 30. Qxf6 Bxf6 31. Re1 d4 32. c4 b6 33. b3 Kf8 34.
b4 Rc8 35. c5 g6 36. a4 Rc6 37. Rxe8+ Kxe8 38. Ra2 Kd7 39. b5 Rc8 40. c6+ Kd6
41. Kf1 Kd5 42. Ke2 Re8+ 43. Kf1 Kc4 44. Rd2 Bg5 45. Rd1 Kc3 0-1

[Event "Tournoi francophone 018B"]
[Site "Skype"]
[Date "????.??.??"]
[Round "6.2"]
[White "Gharbi, Said"]
[Black "Rodier, Marc"]
[Result "0-1"]
[WhiteElo "1252"]
[BlackElo "1547"]
[PlyCount "50"]

1. e4 c5 2. c3 d5 3. d4 dxe4 4. Nd2 Nf6 5. dxc5 g6 6. Bb5+ Nc6 7. Bxc6+ bxc6 8.
Qa4 Qc7 9. Nxe4 Bg7 10. Ne2 O-O 11. Nd4 Nxe4 12. Qxc6 Qxc6 13. Nxc6 Ba6 14.
Nxe7+ Kh8 15. Nd5 Nxc5 16. Bd2 Nd3+ 17. Kd1 Nxb2+ 18. Kc2 Nc4 19. Nc7 Rad8 20.
Rhd1 Bb7 21. f3 Nxd2 22. Rxd2 Rxd2+ 23. Kxd2 Rc8 24. Nb5 a6 25. Nd6 Bxc3+ 0-1

[Event "Tournoi francophone 018B"]
[Site "Skype"]
[Date "????.??.??"]
[Round "6.3"]
[White "Gadow, Martin"]
[Black "Sahrane, Juba"]
[Result "0-1"]
[WhiteElo "1369"]
[BlackElo "1514"]
[PlyCount "118"]

1. c4 c5 2. Nc3 e6 3. Nf3 Nf6 4. e3 Nc6 5. a3 Be7 6. Be2 O-O 7. O-O d5 8. cxd5
Nxd5 9. Qc2 Nxc3 10. bxc3 b6 11. d3 Bf6 12. d4 cxd4 13. cxd4 Bb7 14. Bb2 Rc8
15. Qd3 Re8 16. Qb5 a6 17. Qh5 g6 18. Qh3 e5 19. dxe5 Nxe5 20. Nxe5 Bxe5 21.
Bxe5 Rxe5 22. Bf3 Bxf3 23. Qxf3 Qd5 24. Qe2 b5 25. Rfd1 Qc4 26. Qb2 Rec5 27. h3
Qc3 28. Qe2 Qf6 29. Ra2 Qf5 30. e4 Qe5 31. Rad2 Kg7 32. Qe3 Rc1 33. f4 Qa1 34.
Qd4+ Qxd4+ 35. Rxd4 Rxd1+ 36. Rxd1 Rc4 37. Re1 Rc3 38. Ra1 Re3 39. e5 f6 40.
Kf2 Rc3 41. a4 b4 42. Rd1 Rc6 43. a5 fxe5 44. fxe5 Rc5 45. Rd7+ Kf8 46. Rb7
Rxe5 47. Rxb4 Rxa5 48. Rb6 Ra3 49. Rb7 a5 50. h4 Kg8 51. Ra7 a4 52. g4 Ra1 53.
g5 a3 54. Kg2 a2 55. Kh2 Kf8 56. Kg2 Ke8 57. Kh2 Kd8 58. Kg2 Kc8 59. Kf2 Rh1
0-1

[Event "Tournoi francophone 018B"]
[Site "Skype"]
[Date "????.??.??"]
[Round "6.4"]
[White "Trivedi, Viral"]
[Black "Marino, Giuseppe"]
[Result "1-0"]
[WhiteElo "1210"]
[BlackElo "1339"]
[PlyCount "39"]

1. d4 d5 2. Bf4 e6 3. e3 Bd6 4. Bg3 c6 5. Nf3 Bxg3 6. hxg3 Nf6 7. Bd3 Ne4 8.
Nbd2 Nxd2 9. Nxd2 Nd7 10. Rxh7 Rxh7 11. Bxh7 Qg5 12. Nf3 Qh6 13. Bd3 Nf6 14.
Ne5 Bd7 15. Qf3 Ke7 16. O-O-O Rh8 17. g4 g5 18. e4 dxe4 19. Bxe4 Nxe4 20. Qxf7+
1-0

[Event "Tournoi francophone 018B"]
[Site "Skype"]
[Date "????.??.??"]
[Round "7.1"]
[White "Khabou, Taha"]
[Black "Sauvaget, Joel"]
[Result "1-0"]
[WhiteElo "1358"]
[BlackElo "1290"]
[PlyCount "85"]

1. d4 d5 2. Bf4 c6 3. e3 Nf6 4. Bd3 g6 5. h3 Bg7 6. Nf3 O-O 7. Nbd2 e6 8. e4
dxe4 9. Nxe4 Nxe4 10. Bxe4 Nd7 11. O-O Nf6 12. Bg5 Qc7 13. Bd3 h6 14. Bh4 Re8
15. Bg3 Qe7 16. Re1 Qf8 17. c3 Rd8 18. Qe2 Bd7 19. Bc7 Re8 20. Ne5 Rac8 21. Ba5
Kh8 22. Qf3 Qg8 23. h4 b6 24. Bb4 Rc7 25. Bd6 Rb7 26. Ba6 Bc8 27. Bxb7 Bxb7 28.
g4 Rd8 29. g5 hxg5 30. hxg5 Nh5 31. Nxf7+ Kh7 32. Nxd8 Qxd8 33. Bf4 Qd7 34. Qe3
Bc8 35. Be5 Qf7 36. Bxg7 Qxg7 37. Qe5 Qf7 38. Re4 Ng7 39. Qf6 Qe8 40. Rh4+ Nh5
41. Re1 Kg8 42. Qe5 Qf7 43. Ree4 1-0

[Event "Tournoi francophone 018B"]
[Site "Skype"]
[Date "????.??.??"]
[Round "7.3"]
[White "Sahrane, Juba"]
[Black "Trivedi, Viral"]
[Result "1-0"]
[WhiteElo "1514"]
[BlackElo "1210"]
[PlyCount "51"]

1. e4 e6 2. d4 d5 3. exd5 Qxd5 4. Nc3 Qa5 5. Bd2 c6 6. Nf3 Nf6 7. Bd3 Bd6 8.
Ne4 Bb4 9. c3 Be7 10. Qe2 Nbd7 11. O-O Qh5 12. h3 O-O 13. Ng3 Qd5 14. Rfe1 c5
15. dxc5 Nxc5 16. Bc2 Bd6 17. Bg5 Bxg3 18. fxg3 Nh5 19. Bh4 Bd7 20. Bxh7+ Kxh7
21. Ng5+ Kg6 22. b4 Nxg3 23. Qg4 e5 24. Qxg3 Nd3 25. Ne6+ Kf5 26. Nxg7# 1-0

[Event "Tournoi francophone 018B"]
[Site "Skype"]
[Date "????.??.??"]
[Round "7.4"]
[White "Rodier, Marc"]
[Black "Gadow, Martin"]
[Result "1-0"]
[WhiteElo "1547"]
[BlackElo "1369"]
[PlyCount "41"]

1. e4 c5 2. Nf3 Nf6 3. e5 Nd5 4. c4 Nb4 5. d4 cxd4 6. Nxd4 N4c6 7. Nc3 a6 8.
Bf4 e6 9. a3 d6 10. Nxc6 Nxc6 11. exd6 Qf6 12. Qd2 Qd4 13. O-O-O Qxd2+ 14. Rxd2
Bd7 15. Be2 Na5 16. Kc2 Rc8 17. b3 b5 18. cxb5 axb5 19. Kb2 Rb8 20. b4 Nc6 21.
Nxb5 1-0

[Event "Tournoi francophone 018B"]
[Site "Skype"]
[Date "????.??.??"]
[Round "7.5"]
[White "Pouteau, Pascal"]
[Black "Gharbi, Said"]
[Result "1/2-1/2"]
[WhiteElo "1349"]
[BlackElo "1252"]
[PlyCount "75"]

1. d4 d5 2. c4 c6 3. Nc3 Nf6 4. Nf3 Bg4 5. Ne5 Bh5 6. Qb3 Qb6 7. c5 Qc7 8. Bf4
Qc8 9. h3 Nbd7 10. e3 b6 11. Qa4 b5 12. Qb3 a6 13. Nd3 e6 14. Be2 Bg6 15. Nb4
Nh5 16. Bh2 Be7 17. g4 Nhf6 18. f3 h6 19. Bd3 Nh7 20. Qc2 Bh4+ 21. Ke2 Bxd3+
22. Qxd3 O-O 23. Rag1 Re8 24. f4 Re7 25. Bg3 Bxg3 26. Rxg3 a5 27. Nc2 b4 28.
Nd1 Nhf6 29. Nf2 Qa6 30. h4 Qxd3+ 31. Kxd3 Ne8 32. h5 Nc7 33. g5 Kh7 34. Nh3
Nf8 35. Ne1 a4 36. Nf3 Nd7 37. Rhg1 Rg8 38. Nh4 1/2-1/2

[Event "Tournoi francophone 018B"]
[Site "Skype"]
[Date "????.??.??"]
[Round "8.1"]
[White "Sauvaget, Joel"]
[Black "Gharbi, Said"]
[Result "0-1"]
[WhiteElo "1290"]
[BlackElo "1252"]
[PlyCount "82"]

1. e4 e5 2. Nf3 Nc6 3. Nc3 Bb4 4. d3 Bxc3+ 5. bxc3 Nf6 6. Be2 h6 7. h3 d5 8.
exd5 Nxd5 9. c4 Nc3 10. Qd2 Nxe2 11. Qxe2 Qd6 12. O-O O-O 13. Bb2 Re8 14. Rfd1
Bf5 15. Rd2 Re6 16. Qd1 Nd4 17. Nxd4 exd4 18. Qf3 Qb6 19. Rb1 Bg6 20. Rdd1 c6
21. Ba1 Qc7 22. Bxd4 Rae8 23. Be3 Rf6 24. Qe2 Re5 25. Qd2 Ra5 26. Rb2 Bf5 27.
Qc3 Bxh3 28. gxh3 Rh5 29. Kf1 Rxh3 30. Ke2 Qe7 31. Rf1 Qe6 32. Qe1 Qe5 33. Rxb7
Re6 34. Kd2 Qa5+ 35. Ke2 Qxa2 36. Qd2 Qa6 37. Rfb1 f5 38. Kd1 Qa2 39. Rc1 Rh4
40. Qc3 Rd6 41. Bd4 Rdxd4 0-1

[Event "Tournoi francophone 018B"]
[Site "Skype"]
[Date "????.??.??"]
[Round "8.2"]
[White "Gadow, Martin"]
[Black "Pouteau, Pascal"]
[Result "0-1"]
[WhiteElo "1369"]
[BlackElo "1349"]
[PlyCount "58"]

1. c4 d5 2. e3 d4 3. exd4 Qxd4 4. Nf3 Qe4+ 5. Be2 Bg4 6. d3 Qc6 7. O-O Nd7 8.
Qc2 Ngf6 9. d4 e6 10. Ne5 Nxe5 11. dxe5 Bf5 12. Bd3 Ne4 13. Be3 Bb4 14. f3 Bc5
15. Bxc5 Qxc5+ 16. Kh1 Ng5 17. Bxf5 exf5 18. Qxf5 Qxc4 19. Nd2 Qh4 20. Rac1 Ne6
21. Rc4 Qe7 22. Ne4 b6 23. Rfc1 Rd8 24. Qh5 Nf4 25. Qf5 Ne6 26. f4 h5 27. Ng5
Nxg5 28. fxg5 O-O 29. Rxc7 Qxc7 0-1